Statistics for Guess the countries + territories that start with G

Click here to take the quiz!

General Stats

  • This quiz has been taken 40 times
  • The average score is 13 of 15

Answer Stats

Answer% Correct
Georgia
100%
Germany
100%
Ghana
100%
Greece
100%
Grenada
97%
Gabon
94%
Gambia
94%
Guatemala
94%
Guyana
94%
Guinea
91%
Guinea Bissau
88%
Greenland
75%
Guam
69%
Guernsey
69%
Gibraltar
66%

Score Distribution

Percentile by Number Answered

Percent of People with Each Score

Your Score History

You have not taken this quiz